Finančná analýza miestnych a štátnych poplatkov v Slovenskej republike bakalárska práca

Na minha lista:
Detalhes bibliográficos
Autor principal: Varinská, Natália
Autor Corporativo: Národohospodárska fakulta EU. Katedra financií
Outros Autores: Beličková, Kornélia, 1966-
Formato: Livro
Idioma:eslovaco
Publicado em: Bratislava 2024
Tags: Adicionar Tag
Sem tags, seja o primeiro a adicionar uma tag!

MARC

LEADER 00000nbm a2200000 4500
001 0301614
005 20250602190759.8
041 0 |a slo 
044 |a SK 
245 1 0 |a Finančná analýza miestnych a štátnych poplatkov v Slovenskej republike  |b bakalárska práca  |c Natália Varinská ; školiteľ: Kornélia Beličková 
264 1 |a Bratislava  |c 2024 
300 |a 45 s. 
100 1 |a Varinská, Natália 
700 1 |a Beličková, Kornélia, 1966- 
710 2 |a Národohospodárska fakulta EU. Katedra financií